00474nam a2200133Ia 4500082001200000100002400012245009700036260003200133300001000165650002500175650007700200650003900277710002400316 aTS.0280 aSrivastava, Prakash 0aLabour management in steel plants in India with particular reference to Durgapur Steel Plant c1970bUniversity of Lucknow a329p. aDURGAPUR STEEL PLANT aSTEEL INDUSTRY AND TRADE - WEST BENGAL - DURGAPUR///DURGAPUR STEEL PLANT aINDUSTRIAL RELATIONS - WEST BENGAL aHasan, Saiyid Zafar